<An> Introduction to Convex Polytopes

Enregistré dans:
Détails bibliographiques
Auteur principal: Brondsted, Arne
Format: Livre
Langue:anglais
Publié: New York Springer 1983
Édition:1. ed.
Collection:Graduate Texts in Mathematics 90
Sujets:
Tags: Ajouter un tag
Pas de tags, Soyez le premier à ajouter un tag!

MARC

LEADER 00000nam a2200000 4500
001 c014183
005 20221207073734.6
020 |a 3-540-90722-X 
041 0 |a eng 
044 |a US 
245 1 0 |a <An> Introduction to Convex Polytopes  |c Arne Brondsted 
250 |a 1. ed. 
264 1 |a New York  |b Springer  |c 1983 
300 |a 160 s. 
490 1 |a Graduate Texts in Mathematics  |v 90 
830 0 |a Graduate Texts in Mathematics  |v 90 
610 2 0 |a matematika 
610 2 0 |a matematika aplikovaná 
610 2 0 |a metódy matematické 
100 1 |a Brondsted, Arne